Pages de début (notice n° 1534846)
[ vue normale ]
| 000 -LEADER | |
|---|---|
| fixed length control field | 00650cam a2200193 4500500 |
| 005 - DATE AND TIME OF LATEST TRANSACTION | |
| control field | 20251012020308.0 |
| 041 ## - LANGUAGE CODE | |
| Language code of text/sound track or separate title | fre |
| 042 ## - AUTHENTICATION CODE | |
| Authentication code | dc |
| 100 10 - MAIN ENTRY--PERSONAL NAME | |
| Personal name | Coisne, Sylvie |
| Relator term | author |
| 245 00 - TITLE STATEMENT | |
| Title | Pages de début |
| 260 ## - PUBLICATION, DISTRIBUTION, ETC. | |
| Date of publication, distribution, etc. | 2020.<br/> |
| 500 ## - GENERAL NOTE | |
| General note | 39 |
| 700 10 - ADDED ENTRY--PERSONAL NAME | |
| Personal name | Dereix, Charles |
| Relator term | author |
| 700 10 - ADDED ENTRY--PERSONAL NAME | |
| Personal name | Lecocq, Franck |
| Relator term | author |
| 700 10 - ADDED ENTRY--PERSONAL NAME | |
| Personal name | Piermont, Laurent |
| Relator term | author |
| 700 10 - ADDED ENTRY--PERSONAL NAME | |
| Personal name | Sainte-Marie, Geneviève de |
| Relator term | author |
| 786 0# - DATA SOURCE ENTRY | |
| Note | PCM – Pour Construire un Monde durable | 903 | 3 | 2020-07-07 | p. 1-1 | 1958-7198 |
| 856 41 - ELECTRONIC LOCATION AND ACCESS | |
| Uniform Resource Identifier | <a href="https://shs.cairn.info/revue-pcm-pour-construire-un-monde-durable-2020-3-page-1?lang=fr&redirect-ssocas=7080">https://shs.cairn.info/revue-pcm-pour-construire-un-monde-durable-2020-3-page-1?lang=fr&redirect-ssocas=7080</a> |
Pas d'exemplaire disponible.




Réseaux sociaux